| 000 | 00702nam a22002057a 4500 | ||
|---|---|---|---|
| 999 |
_c4262 _d4262 |
||
| 003 | AR-CdUCM | ||
| 008 | 190308b ||||| |||| 00| 0 spa d | ||
| 020 | _a978-612-47132-0-0 | ||
| 040 |
_aMUNICIPALIDAD PROVINCIAL DEL CUSCO _cBIBLIOTECA MUNICIPAL DEL CUSCO |
||
| 082 |
_a736.985 / _bG27 |
||
| 100 |
_aGasparini, Graziano _913475 |
||
| 245 |
_aElogio de la piedra : _blo creativo en la arquitectura inca / |
||
| 260 |
_aCusco : _bDirección Desconcentrada de Cultura de Cusco, _c2015. |
||
| 300 |
_a147 páginas ; _bFotografías. _c29 cm. |
||
| 650 |
_aArquitectura de Cusco _913476 |
||
| 650 |
_aCanteros _913477 |
||
| 650 |
_aQoricancha - Machu Picchu _913478 |
||
| 942 |
_2ddc _cLIBROS |
||
| 945 | _aafb | ||